000 00450nam a2200157Ia 4500
008 220530s9999 xx 000 0 und d
020 _a9789386850560
041 _aeng
082 _a820
_bPAT
100 _aPatel, Kamlesh D.
_959220
245 _aThe Heartfulness Way
_bHeart-Based Meditationa for Spriritual Transformation
250 _a1st
260 _aChennai
_bWestland Publication Pvt. Ltd.
_c2019
300 _aXVI;195P.
_bPB
906 _a0
_bGB
999 _c53118
_d53118